000 00885cam a2200265 a 4500
999 _c13687
_d13687
001 2880168
003 ARRUPE
005 20170529110316.0
008 861215s1987 enka b 001 0 eng
010 _a 86032007
020 _a0435080105 (pbk. : alk. paper)
040 _aDLC
_cDLC
_dDLC
043 _af-sa---
_afs-----
050 0 0 _aDT1787
_b.O44 1987
082 0 0 _a968
_219
100 2 _aOmer-Cooper, J. D.
_q(John D.)
_931327
245 1 2 _aA history of Southern Africa /
_cJ.D. Omer-Cooper.
260 _aLondon :
_bJ. Currey ;
_aPortsmouth, N.H. :
_bHeinemann,
_c1987.
300 _axiii, 297 p. :
_bill. ;
_c22 x 21 cm.
500 _aIncludes index.
504 _aBibliography: p. 278-285.
651 0 _aSouth Africa
_xHistory.
_931328
651 0 _aAfrica, Southern
_xHistory.
_931329
906 _a7
_bcbc
_corignew
_d1
_eocip
_f19
_gy-gencatlg
942 _2lcc
_cMONOGRAPH